| 000 | 00315cam a22001331 4500 | ||
|---|---|---|---|
| 040 | _cDLC | ||
| 082 | 0 | 0 | _a561 WIL 1961 A060 Or. |
| 100 | 1 | _aAndrews, Henry N. | |
| 245 | 0 | 0 | _aStudies in paleobotany. |
| 260 |
_aNew York, _bWiley _c[1961] |
||
| 300 |
_a487 p. _billus. _c24 cm. |
||
| 650 | 0 | _aPaleobotany. | |
| 942 | _cEK | ||
| 999 |
_c17210 _d17210 |
||